Guess the Programming Language Quiz Stats

 Plays Quiz not verified by Sporcle

Also try: Finding '-mo'
Challenge
Share
Tweet
Embed
Score 0/8 Timer 01:00
0 Plays Today
% Correct
C
86.7%
java
85.2%
C#
79.5%
R
78%
ruby
77.1%
python
73.8%
css
70.5%
sql
48.8%

You're not logged in!

Compare scores with friends on all Sporcle quizzes.
Join for Free
OR
Log In

You Might Also Like...

Show Comments

Extras

Created Jan 8, 2016ReportNominate
Tags:programming

Top Quizzes Today


Score Distribution

Your Account Isn't Verified!

In order to create a playlist on Sporcle, you need to verify the email address you used during registration. Go to your Sporcle Settings to finish the process.

Report this User

Report this user for behavior that violates our Community Guidelines.

Details: